<?xml version="1.0" encoding="UTF-8"?>
<record
    xmlns:xsi="http://www.w3.org/2001/XMLSchema-instance"
    xsi:schemaLocation="http://www.loc.gov/MARC21/slim http://www.loc.gov/standards/marcxml/schema/MARC21slim.xsd"
    xmlns="http://www.loc.gov/MARC21/slim">

  <leader>00896nas a2200277   4500</leader>
  <controlfield tag="001">6294</controlfield>
  <controlfield tag="003">GR-kaGGEEl</controlfield>
  <controlfield tag="005">20220622205358.0</controlfield>
  <datafield tag="035" ind1=" " ind2=" ">
    <subfield code="a">8998</subfield>
  </datafield>
  <datafield tag="090" ind1=" " ind2=" ">
    <subfield code="a">6294</subfield>
  </datafield>
  <datafield tag="100" ind1=" " ind2=" ">
    <subfield code="a">20100513b19061974k  y0grey50      ga</subfield>
  </datafield>
  <datafield tag="101" ind1="0" ind2=" ">
    <subfield code="a">gre</subfield>
  </datafield>
  <datafield tag="102" ind1=" " ind2=" ">
    <subfield code="a">CY</subfield>
  </datafield>
  <datafield tag="106" ind1=" " ind2=" ">
    <subfield code="a">e</subfield>
  </datafield>
  <datafield tag="110" ind1=" " ind2=" ">
    <subfield code="a">c|||   0|||</subfield>
  </datafield>
  <datafield tag="200" ind1="1" ind2=" ">
    <subfield code="a">&#x395;&#x3BB;&#x3B5;&#x3C5;&#x3B8;&#x3B5;&#x3C1;&#x3AF;&#x3B1; [&#x3B5;&#x3C6;&#x3B7;&#x3BC;&#x3B5;&#x3C1;&#x3AF;&#x3B4;&#x3B1;]</subfield>
  </datafield>
  <datafield tag="207" ind1=" " ind2="0">
    <subfield code="a">14/27 &#x39C;&#x3B1;&#x3C1;&#x3C4;.1906 - 19 &#x399;&#x3BF;&#x3C5;&#x3BB;.1974</subfield>
  </datafield>
  <datafield tag="210" ind1=" " ind2=" ">
    <subfield code="a">&#x39B;&#x3B5;&#x3C5;&#x3BA;&#x3C9;&#x3C3;&#x3AF;&#x3B1;</subfield>
    <subfield code="d">1906 - 1974</subfield>
  </datafield>
  <datafield tag="310" ind1=" " ind2=" ">
    <subfield code="a">&#x397; &#x3B2;&#x3B9;&#x3B2;&#x3BB;&#x3B9;&#x3BF;&#x3B8;&#x3AE;&#x3BA;&#x3B7; &#x3B4;&#x3B9;&#x3B1;&#x3B8;&#x3AD;&#x3C4;&#x3B5;&#x3B9; &#x3C4;&#x3B1; &#x3B5;&#x3BE;&#x3AE;&#x3C2;: 1958 - 1962, 1974 (&#x39C;&#x3B1;&#x3C1;&#x3C4;.-&#x399;&#x3BF;&#x3C5;&#x3BD;.)</subfield>
  </datafield>
  <datafield tag="310" ind1=" " ind2=" ">
    <subfield code="a">&#x397; &#x3B5;&#x3C6;&#x3B7;&#x3BC;&#x3B5;&#x3C1;&#x3AF;&#x3B4;&#x3B1; &#x3B5;&#x3AF;&#x3BD;&#x3B1;&#x3B9; &#x3B4;&#x3B5;&#x3BC;&#x3AD;&#x3BD;&#x3B7; &#x3C3;&#x3B5; 9 &#x3C4;&#x3CC;&#x3BC;&#x3BF;&#x3C5;&#x3C2; &#x3BC;&#x3B5;&#x3B3;&#x3AC;&#x3BB;&#x3BF;&#x3C5; &#x3BC;&#x3B5;&#x3B3;&#x3AD;&#x3B8;&#x3BF;&#x3C5;&#x3C2;.</subfield>
  </datafield>
  <datafield tag="606" ind1="1" ind2=" ">
    <subfield code="a">&#x3A4;&#x3CD;&#x3C0;&#x3BF;&#x3C2;, &#x39A;&#x3C5;&#x3C0;&#x3C1;&#x3B9;&#x3B1;&#x3BA;&#x3CC;&#x3C2;</subfield>
    <subfield code="9">23970</subfield>
  </datafield>
  <datafield tag="607" ind1=" " ind2=" ">
    <subfield code="a">&#x39A;&#x3CD;&#x3C0;&#x3C1;&#x3BF;&#x3C2;</subfield>
    <subfield code="x">&#x395;&#x3C6;&#x3B7;&#x3BC;&#x3B5;&#x3C1;&#x3AF;&#x3B4;&#x3B5;&#x3C2;</subfield>
    <subfield code="9">16682</subfield>
  </datafield>
  <datafield tag="676" ind1=" " ind2=" ">
    <subfield code="a">079.5645</subfield>
  </datafield>
  <datafield tag="942" ind1=" " ind2=" ">
    <subfield code="c">CR</subfield>
  </datafield>
</record>
